| 000 | 00597nam a22001817a 4500 | ||
|---|---|---|---|
| 008 | 160921b xxu||||| |||| 00| 0 eng d | ||
| 020 | _a8180619370 | ||
| 040 |
_aKABU _cKABU |
||
| 050 |
_aQR251 _b.P36 2011 C.1 |
||
| 100 | _aPaniker, CK Jayaram | ||
| 245 |
_aTextbook of medical parasitology _cby CK Jayaram Paniker |
||
| 250 | _a6th ed. | ||
| 260 |
_aNew Delhi _bJaypee brothers medical publishers _c2011 |
||
| 300 | _a235 p. | ||
| 650 |
_2Medical parasitology _xTextbooks |
||
| 650 |
_2Parasitic diseases _xTextbooks |
||
| 942 |
_2lcc _cBK _e6th ed. _hQR251 .P36 2011 C.1 |
||
| 999 |
_c16070 _d16070 |
||